banner-ar

اصل الانواع / (Record no. 63198)

MARC details
000 -الفاتح
حقل البيانات ثابتة الطول 01383nam a22002897a 4500
005 - وقت وتاريخ اخر تعامل مع التسجيلة
رقم الضبط 20240530110628.0
008 - عناصر البيانات ثابتة الطول - معلومات عامة
حقل البيانات ثابتة الطول 170110s2014 ua g 000 0 ara d
017 ## - رقم الايداع القانونى
رقم الايداع القانونى 2014/7034
المصدر ( الهيئة المختصة) مصر. دار الكتب
020 ## - الرقم الدولى المعيارى للكتب
الرقم الدولى المعيارى للكتاب 9789773223274
040 ## - مصدر الفهرسة
وكالة الفهرسة الأصلية EG-CaGPL
وكالة النسخ EG-CaGPL
082 04 - رقم تصنيف ديوى العشرى
رقم الطبعة 21
رقم التصنيف 576.88\
رقم المادة د أ
100 1# - المدخل الرئيسى - إسم شخصى
الإسم الشخصى داروين ، تشارليز .
245 10 - بيان العنوان
العنوان اصل الانواع /
بيان المسئوليه,etc تاليف تشارلز داروين ؛ ترجمة اسماعيل مظهر ؛ مراجعة عبدالحليم منتصر ؛ تحرير و تقديم احمد الهوارى .
250 ## - بيان الطبعة
بيان الطبعة ط.1
260 ## - PUBLICATION, DISTRIBUTION, ETC. (IMPRINT)
تاريخ النشر أو التوزيع 2014 .
300 ## - الوصف المادى
التعداد 2 جزء ؛
أبعاد الوعاء 24 سم .
490 0# - بيان السلسلة
عنوان السلسلة من ذاكرة النهضة ، الاعمال الكاملة لاسماعيل مظهر ، كتابات فى تاريخ علم و فلسفة .
490 0# - بيان السلسلة
عنوان السلسلة كتابات فى تاريخ العلم و الفلسفة .
650 07 - المدخل الاضافى بالموضوع-مصطلح موضوعى
مصدر الرأس أو المصطلح qrmak
مصطلح موضوعي الفلسفة
650 07 - المدخل الاضافى بالموضوع-مصطلح موضوعى
مصدر الرأس أو المصطلح qrmak
مصطلح موضوعي النشوء و الارتقاء .
650 07 - المدخل الاضافى بالموضوع-مصطلح موضوعى
مصدر الرأس أو المصطلح qrmak
مصطلح موضوعي نظرية داروين .
700 0# - المدخل الاضافى - اسم شخصى
الإسم الشخصى اسماعيل مظهر
الدور مترجم .
700 0# - المدخل الاضافى - اسم شخصى
الإسم الشخصى احمد الهوارى
الدور محرر و مقدم .
700 0# - المدخل الاضافى - اسم شخصى
الإسم الشخصى عبدالحليم منتصر
الدور مراجع .
942 ## - عناصر المدخل الإضافي( كوها)
مصدر التصنيف او مخطط الترفيف Dewey Decimal Classification
Koha [default] item type كتاب
260 ## - PUBLICATION, DISTRIBUTION, ETC. (IMPRINT)
-- القاهرة :
-- عين للدراسات و البحوث الانسانية و الاجتماعية ،
Holdings
حالة التراجع حالة الفقد حالة تلف ليس للاعارة المكان المؤقت الموقع الحالى موقع الترفيف تاريخ الاكتساب اجمالي اﻻعارات رقم الطلب الباركود تاريخ اخر مشاهدة تاريخ تفعيل السعر نوع وعاء كوها
        مكتبة القاهرة الكبرى مكتبة القاهرة الكبرى القاعة الرئيسية 01/10/2017   576.88\ د أ ج 1 163165 01/10/2017 01/10/2017 كتاب
        مكتبة القاهرة الكبرى مكتبة القاهرة الكبرى القاعة الرئيسية 01/10/2017   576.88\ د أ ج 2 163166 01/10/2017 01/10/2017 كتاب

Powered By

EGPV